Normal view
MARC view
- MODELLING AND SIMULATION OF DYNAMIC SYSTEM BEHAVIOUR
Entry Topical Term
001 - CONTROL NUMBER
- control field: 63367
003 - CONTROL NUMBER IDENTIFIER
- control field: NUST
005 - DATE AND TIME OF LATEST TRANSACTION
- control field: 20210628203116.0
008 - FIXED-LENGTH DATA ELEMENTS
- fixed length control field: 210628|| aca||aabn | a|a d
040 ## - CATALOGING SOURCE
- Original cataloging agency: NUST
- Transcribing agency: NUST
150 ## - HEADING--TOPICAL TERM
- Topical term or geographic name entry element: MODELLING AND SIMULATION OF DYNAMIC SYSTEM BEHAVIOUR
670 ## - SOURCE DATA FOUND
- Source citation: Work cat.: (NUST): Birta, Louis G , Arbez, Gilbert 63366, Modelling and simulation , exploring dynamic system behaviour, 2007
